Effective public relations and media strategy (Record no. 2585)
[ view plain ]
| 000 -LEADER | |
|---|---|
| fixed length control field | 00622nam a22001577a 4500 |
| 020 ## - INTERNATIONAL STANDARD BOOK NUMBER | |
| International Standard Book Number | 9788120348714 |
| 082 ## - DEWEY DECIMAL CLASSIFICATION NUMBER | |
| Classification number | 659.20954 |
| 100 ## - MAIN ENTRY--PERSONAL NAME | |
| Personal name | C.V.Narasimha Reddy |
| 245 ## - TITLE STATEMENT | |
| Title | Effective public relations and media strategy |
| 250 ## - EDITION STATEMENT | |
| Edition statement | 2nd |
| 260 ## - PUBLICATION, DISTRIBUTION, ETC. | |
| Place of publication, distribution, etc. | Delhi |
| Name of publisher, distributor, etc. | PHI learning |
| Date of publication, distribution, etc. | 2014 |
| 300 ## - PHYSICAL DESCRIPTION | |
| Extent | 654p |
| 942 ## - ADDED ENTRY ELEMENTS (KOHA) | |
| Koha item type | Book |
| Withdrawn status | Lost status | Damaged status | Not for loan | Collection code | Permanent Location | Current Location | Shelving location | Date acquired | Total Checkouts | Full call number | Barcode | Date last seen | Date last checked out | Price effective from | Koha item type | Source of classification or shelving scheme |
|---|---|---|---|---|---|---|---|---|---|---|---|---|---|---|---|---|
| Central Library (CL) | Central Library (CL) | General Stacks | 02/25/2016 | 2 | 659.20954 RED | S3H-S-690 | 11/24/2017 | 10/23/2017 | 02/25/2016 | Book | ||||||
| Central Library (CL) | Central Library (CL) | General Stacks | 02/24/2017 | 659.20954 RED | S3H-S-442 | 02/24/2017 | 02/24/2017 | Book |
